00631nam a2200145Ia 4500008004100000050002300041100003100064245011200095260008600207300003300293521002700326942000700353999001900360952010600379140724s9999 xx 000 0 und d aZ 696b.Sa182 2013 aSalvador, Paolo Gabriel G. aIntelligent library system for St. Andrew's Cathedral School Parañaque City /cPaolo Gabriel G. Salvador. aLas Piñas, Philippines :bSouthville International School and Colleges,cc2013. a35 p. :bcol. Ill. ;c28 cm. aInformation Technology cTH c229114d229114 001040aCLbCLcTHESESd2014-07-24l0oZ 696 .Sa182 2013pT0468r2018-05-15 00:00:00w2014-07-24yTH